| 000 | 00828nam a2200277 a 4500 | ||
|---|---|---|---|
| 001 | 76622 | ||
| 003 | BD-RjUL | ||
| 005 | 20211209082851.0 | ||
| 008 | 191226s1945 nyua 000 0 eng | ||
| 035 | _a(BD-RjUL)76846 | ||
| 040 |
_aDLC _cDLC _dDLC _dBD-RjUL _beng |
||
| 041 | _aeng | ||
| 082 | 0 | 0 |
_223 _a660.2 _bSHC 1945 |
| 100 | 1 |
_aShreve, R. Norris _q(Randolph Norris), _d1885-1975. _950258 |
|
| 245 | 1 | 4 |
_aThe chemical process industries / _cR. Norris Shreve |
| 250 | _a1st ed. | ||
| 260 |
_aNew York : _bMcGraw-Hill, _c1945. |
||
| 300 |
_axii,957 p.: _billus.; _c24 cm. |
||
| 490 | 0 | _aMcGraw-Hill series in chemical engineering | |
| 500 | _aIncludes Index | ||
| 650 | 0 |
_aChemistry, Technical. _9234701 |
|
| 650 | 0 |
_aChemical industry. _9234702 |
|
| 942 |
_2ddc _cBK |
||
| 999 |
_c76622 _d76622 |
||